Grammaire espagnole / (Record no. 154820)

MARC details
000 -LEADER
campo de control de longitud fija 00692nam a22001935i 4500
001 - NÚMERO DE CONTROL
campo de control 154820
003 - IDENTIFICADOR DE NÚMERO DE CONTROL
campo de control ES-MaACL
005 - FECHA Y HORA DE LA ÚLTIMA TRANSACCIÓN
campo de control 20230906205850.0
008 - DATOS DE LONGITUD FIJA--INFORMACIÓN GENERAL
campo de control de longitud fija 040712s1900 fr |||| | fre d
040 ## - FUENTE DE CATALOGACIÓN
Centro catalogador/agencia de origen CAM
Lengua de catalogación spa
Centro/agencia transcriptor CAM
100 1# - ENTRADA PRINCIPAL--NOMBRE DE PERSONA
Nombre de persona Guadalupe, I.
9 (RLIN) 127584
245 10 - MENCIÓN DEL TÍTULO
Título Grammaire espagnole /
Mención de responsabilidad, etc. par I. Guadalupe; ouvrage accompagné d'un lexique.
250 ## - MENCION DE EDICION
Mención de edición 2e éd. revue et augm.
260 ## - PUBLICACIÓN, DISTRIBUCIÓN, ETC.
Lugar de publicación, distribución, etc. Paris :
Nombre del editor, distribuidor, etc. Masson et c\pie\s éditeurs,
Fecha de publicación, distribución, etc. 1900 (
Fabricante L. Maretheux imprimeur)
300 ## - DESCRIPCIÓN FÍSICA
Extensión XVII, 284, 24 p. ;
Dimensiones 19 cm.
597 ## - NOTA DE DESCRIPCIÓN FÍSICA
NOTA DE DESCRIPCIÓN FÍSICA Las 24 p. corresponde a un extracto del catálogo editorial.
650 #4 - PUNTO DE ACCESO ADICIONAL DE MATERIA--TÉRMINO DE MATERIA
Término de materia o nombre geográfico como elemento de entrada Lengua española-
Subdivisión general Gramática.
9 (RLIN) 14161
852 ## - LOCALIZACIÓN
Ubicación ES-MaACL
Número de control de estantería B-4273
Nota libre -- Enc. tela
Holdings
Estatus retirado Estado de pérdida Estado de daño No para préstamo Colección Biblioteca de origen Biblioteca actual Ubicación en estantería Fecha de adquisición Fuente de adquisición Total de préstamos Signatura topográfica completa Código de barras Visto por última vez Precio de reemplazo Tipo de ítem Koha
        Libros del s. XIX Biblioteca del Ateneo de Madrid Biblioteca del Ateneo de Madrid Sala Pardo Bazán 17/01/2008     B-4273 1161937 23/02/2023 23/02/2023 Libro impreso antiguo